000
00328pab a2200145 454500
008
180718b1983 xxu||||| |||| 00| 0 eng d
100
_a
Tanor, Bulent
245
_a
Restructuring democracy in Turkey
260
_c
1983
300
_a
75-86
362
_a
Dec.
650
_a
Democracy - Turkey
773
_a
Review
909
_a
7242
999
_c
7242
_d
7242